000 01488cam a2200253 4500
001 ##L134262
008 060720n2006 000 0 eng u
035 _a(Sirsi) u134262
041 0 _aeng
050 0 4 _a332.6324 $2 18
110 2 _aGVA Grimley
_93646
245 0 0 _aSurvey of property trends
_bgreen issues
260 _aLondon
_bGVA Grimley
_c2006
490 0 _aCBI/GVA Grimley Survey of Property Trends
_vsummer 2006
520 _aSupplements CBI/GVA Grimley "Survey of property trends summer 2006" (L134032). Surveys the attitudes of occupiers regarding the environmental efficiency of the occupied property. Finds that respondents are attaching great significance to the energy and environmental efficiency of their property, and are recognising other benefits besides reduced running costs, such as raised staff satisfaction. Energy efficiency of buildings was rated most important in occupiers' accommodation strategy, and the key driver for greener property strategies will be the increasing costs of energy. Most respondents would be prepared to pay more to occupy an environmentally efficient building. Graphs.
590 _aKA
590 _aIKA010806
650 2 4 _aCBI/GVA GRIMLEY SURVEY OF PROPERTY TRENDS
650 2 4 _aOCCUPIE$ SATISFACTION
651 4 _aUnited Kingdom
_y
690 _aPROPERTY-COMMERCIAL PROPERTY-COMMERCIAL PROPERTY MARKET
856 4 0 _uhttps://www.gvagrimley.co.uk/
_zView the item free of charge at www.gvagrimley.co.uk...
942 _n0
999 _c105620
_d105620